100 nomes masculinos mais comuns em 2024 - Statistics

Estatísticas Gerais
  • Esse quiz foi jogado 276 vezes
    261 desde o último reset
  • A pontuação média é 41 de 100
Estatísticas das Respostas
Hint Resposta % Correto
J João
94%
G Gabriel
91%
P Pedro
91%
L Lucas
83%
M Mateus
83%
M Matheus
83%
V Vitor
81%
H Henrique
79%
Y Yan
79%
J José
78%
J* João Miguel
76%
M Miguel
76%
D Daniel
74%
D Davi
74%
T Thiago
72%
B Bernardo
71%
E Enzo
71%
A Artur
70%
R Rafael
70%
E Eduardo
69%
G Guilherme
68%
L Léo
68%
N Noah
67%
F Felipe
66%
A Antônio
64%
G Gustavo
63%
H Heitor
63%
L Leonardo
62%
V Vinícius
62%
S Samuel
58%
R Ryan
57%
C Caio
56%
N Nathan
55%
R Ravi
51%
N Nicolas
50%
Y Yuri
50%
F Francisco
49%
J* João Pedro
49%
L Lorenzo
49%
O Otávio
47%
J Joaquim
44%
L Lucca
44%
B Benício
43%
B Benjamin
42%
L Luan
41%
P Pietro
41%
M Murilo
40%
B Bento
38%
M Matteo
38%
A Anthony
37%
V Vicente
34%
E Emanuel
33%
L Levi
33%
O Otto
33%
A Augusto
32%
P* Pedro Henrique
32%
K Kauê
31%
K Kauan
30%
I Isaac
29%
J* João Lucas
29%
B Bryan
28%
E Enrico
28%
R Rael
27%
E Erick
26%
H Henry
26%
T Teodoro
26%
D* Davi Lucca
25%
T Thomas
25%
M Mathias
24%
O Oliver
24%
V Valentim
24%
J Josué
23%
J* João Gabriel
22%
D Dom
21%
I Israel
19%
J* João Guilherme
19%
E* Enzo Gabriel
18%
C Calebe
17%
R Raul
16%
D Dante
14%
A* Arthur Miguel
13%
D* Davi Lucas
13%
L Liam
13%
A Asafe
12%
J* José Miguel
12%
E Ezequiel
11%
A* Anthony Gabriel
10%
E Endrick
10%
D* Davi Miguel
9%
D Dominic
9%
R* Ravi Lucca
9%
A* Anthony Miguel
8%
A Apollo
8%
R* Ravi Miguel
7%
C Calel
6%
A Abner
5%
A* Anthony Noah
5%
G* Gael Henrique
4%
Nenhum quiz correspondente encontrado
Distribuição das Pontuações
Porcentagem de Pessoas com Cada Pontuação
Percentil de Números Respondidos
Sua Pontuação Histórica
Você não jogou esse quiz desde o último reset